A Lyga Champions - Statistics

General Stats
  • This quiz has been taken 3 times
  • The average score is 24 of 36
Answer Stats
Hint Answer % Correct
1991 Žalgiris Vilnius
100%
1991/92 Žalgiris Vilnius
100%
1998/99 Žalgiris Vilnius
100%
2013 Žalgiris Vilnius
100%
2014 Žalgiris Vilnius
100%
2015 Žalgiris Vilnius
100%
2016 Žalgiris Vilnius
100%
2020 Žalgiris Vilnius
100%
2021 Žalgiris Vilnius
100%
2022 Žalgiris Vilnius
100%
2023 Žalgiris Vilnius
100%
2025 Žalgiris Vilnius
100%
2000 FBK Kaunas
67%
2001 FBK Kaunas
67%
2002 FBK Kaunas
67%
2003 FBK Kaunas
67%
2004 FBK Kaunas
67%
2006 FBK Kaunas
67%
2007 FBK Kaunas
67%
2018 Sūduva
67%
2019 Sūduva
67%
2017 Sūduva Marijampolė
67%
1999 Žalgiris Kaunas
67%
1992/93 Ekranas Panevėžys
33%
2005 Ekranas Panevėžys
33%
2008 Ekranas Panevėžys
33%
2009 Ekranas Panevėžys
33%
2010 Ekranas Panevėžys
33%
2011 Ekranas Panevėžys
33%
2012 Ekranas Panevėžys
33%
2024 FK Panevėžys
33%
1994/95 Inkaras Kaunas
33%
1995/96 Inkaras Kaunas
33%
1996/97 Kareda Šiauliai
33%
1997/98 Kareda Šiauliai
33%
1993/94 ROMAR
33%
No matching quizzes found
Score Distribution
Percent of People with Each Score
Percentile by Number Answered
Your Score History
You have not taken this quiz